LEADER 01387nam 2200469 450 001 9910677115903321 005 20210610073738.0 010 $a1-119-61110-5 010 $a1-119-53842-4 010 $a1-119-53856-4 035 $a(CKB)4100000009184406 035 $a(MiAaPQ)EBC5890646 035 $a(EXLCZ)994100000009184406 100 $a20191001d2020 uy 0 101 0 $aeng 135 $aurcnu|||||||| 181 $ctxt$2rdacontent 182 $cc$2rdamedia 183 $acr$2rdacarrier 200 00$aBioelectrochemical interface engineering /$fedited by Dr. R. Navanietha Krishnaraj, Dr. Rajesh K. Sani 210 1$aHoboken, New Jersey ;$aChichester, West Sussex, England :$cWiley,$d[2020] 210 4$dİ2020 215 $a1 online resource (559 pages) 311 $a1-119-53854-8 606 $aBioelectrochemistry 606 $aBioengineering 606 $aChemical engineering 615 0$aBioelectrochemistry. 615 0$aBioengineering. 615 0$aChemical engineering. 676 $a572.437 700 $aKrishnaraj$b R. Navanietha$01340941 702 $aNavanietha Krishnaraj$b R. 702 $aSani$b Rajesh K. 801 0$bMiAaPQ 801 1$bMiAaPQ 801 2$bMiAaPQ 801 2$bAzTeS 906 $aBOOK 912 $a9910677115903321 996 $aBioelectrochemical interface engineering$93063149 997 $aUNINA LEADER 01153cam0-22003851i-450 001 990007155900403321 005 20230801142703.0 010 $a88-07-10244-7 100 $a20021021d1998----km-y0itay50------ba 101 0 $aita 102 $aIT 105 $ay-------001yy 200 1 $aAutogoverno o controllo della magistratura?$eil modello italiano di Consiglio superiore$fEdmondo Bruti Liberati , Livio Pepino 210 $aMilano$cFeltrinelli$dİ1998 215 $a211 p.$d22 cm 225 1 $aCampi del sapere 610 0 $aConsiglio superiore della magistratura 676 $a347.4$v20$zita 700 1$aBruti Liberati,$bEdmondo$f<1945- >$0381189 701 1$aPepino,$bLivio$0122328 801 0$aIT$bUNINA$gREICAT$2UNIMARC 901 $aBK 912 $a990007155900403321 952 $aXI PGR 3$fDFD 952 $aVIII F 44$b2890$fDDCIC 952 $aI A 162$b32992$fFSPBC 952 $aFL POL 45$bFL-784$fDECBC 952 $aMAR / BRU 1$b10109$fBFS 959 $aDDCIC 959 $aDFD 959 $aFSPBC 959 $aDECBC 959 $aBFS 996 $aAutogoverno o controllo della magistratura$91736212 997 $aUNINA